Kannada Actors - Statistics

General Stats
  • This quiz has been taken 2 times
  • The average score is 22 of 30
Answer Stats
Movie Actor % Correct
Chakravarthy Darshan
100%
Bahaddur Dhruva Sarja
100%
Triple Riding Ganesh
100%
Mussanje Maathu Kiccha Sudeep
100%
Vikrant Rona Kiccha Sudeep
100%
Veera Kannadiga Puneeth Rajkumar
100%
Raajakumara Puneeth Rajkumar
100%
Raaj the Showman Puneeth Rajkumar
100%
Ek Love Ya Raana
100%
Ondu Motteya Kathe Raj B Shetty
100%
Su from So Raj B Shetty, Shaneel Gautham, Prakash Thuminad, JP Thuminad
100%
Ramachari (1991) Ravichandran
100%
Kantara Chapter 1- A Legend Rishab Shetty
100%
Nathicharami Sanchari Vijay
100%
Jogi Shiva Rajkumar
100%
Manada Kadalu Sumukha
100%
Jaanu Yash
100%
Krishna Rukku Ajay Rao
50%
Chirru Chiranjeevi Sarja
50%
Bangaarada Manushya Dr Rajkumar
50%
Krishnam Pranaya Sakhi Ganesh
50%
Kempegowda Kiccha Sudeep
50%
Seetharama Kalyana Nikhil Kumaraswamy
50%
Nenapirali Prem Kumar
50%
Male Prem Kumar
50%
Sapta Sagaradaache Ello Rakshit Shetty
50%
100 Ramesh Aravind
50%
Dia Dheekshith Shetty & Pruthvi Ambaar
0%
Bhuvanam Gaganam Pramod Panju
0%
Juni Pruthvi Ambaar
0%
No matching quizzes found
Score Distribution
Percent of People with Each Score
Percentile by Number Answered
Your Score History
You have not taken this quiz